[Event "DSJ Weihnachtsturnier U20 2020"]
[Site "https://play.chessbase.com/en/play?room=DSJWeihnachtU20"]
[Date "2020.12.29"]
[Round "7"]
[White "Nguyen, Alex Dac-Vuong"]
[Black "Runte, Moritz"]
[Result "1/2-1/2"]
[Termination "normal"]
[Board "6.1"]
[WhiteTitle "FM"]
[WhiteElo "2307"]
[BlackElo "2133"]
[WhiteTeam "Schachgemeinschaft Leipzig"]
[BlackTeam "Schachverein Hemer 1932"]
[PlyCount "98"]
[WhiteFideId "12984388"]
[BlackFideId "12991449"]
[EventRounds "7"]
[EventType "team-swiss"]
[EventDate "2020.12.29"]

1. e4 {[%emt 0:00:04]} e5 {[%emt 0:00:10]} 2. Nf3 {[%emt 0:00:02]} Nc6 { [%emt
0:00:01]} 3. Bb5 {[%emt 0:00:01]} a6 {[%emt 0:00:00]} 4. Ba4 {[%emt 0:00:02]}
Nf6 {[%emt 0:00:01]} 5. O-O {[%emt 0:00:01]} Be7 {[%emt 0:00:00]} 6. Re1 {
[%emt 0:00:02]} b5 {[%emt 0:00:01]} 7. Bb3 {[%emt 0:00:01]} O-O {[%emt 0:00:01]
} 8. h3 {[%emt 0:00:02]} Bb7 {[%emt 0:00:13]} 9. d3 {[%emt 0:00:12]} d5 { [%emt
0:00:11]} 10. exd5 {[%emt 0:00:17]} Nxd5 {[%emt 0:00:02]} 11. Nbd2 { [%emt
0:00:42]} Nd4 {[%emt 0:00:20]} 12. Rxe5 {[%emt 0:01:22]} Bf6 {[%emt 0:01:04]}
13. Re1 {[%emt 0:00:17]} Re8 {[%emt 0:03:27]} 14. Rxe8+ {[%emt 0:00:45]} Qxe8
{[%emt 0:00:04]} 15. Nxd4 {[%emt 0:00:06]} Bxd4 {[%emt 0:00:04]} 16. Nf3 {
[%emt 0:00:10]} Bb6 {[%emt 0:00:11]} 17. c3 {[%emt 0:00:18]} c5 {[%emt 0:00:10]
} 18. Bd2 {[%emt 0:00:28]} Rd8 {[%emt 0:00:08]} 19. Qf1 {[%emt 0:00:11]} Bc7 {
[%emt 0:02:01]} 20. Re1 {[%emt 0:00:08]} Qc6 {[%emt 0:00:11]} 21. Bg5 {[%emt
0:00:17]} f6 {[%emt 0:00:09]} 22. Bc1 {[%emt 0:00:08]} Kh8 {[%emt 0:00:02]} 23.
d4 {[%emt 0:00:05]} Nf4 {[%emt 0:00:17]} 24. Bxf4 {[%emt 0:00:08]} Bxf4 { [%emt
0:00:00]} 25. d5 {[%emt 0:00:17]} Qd7 {[%emt 0:00:10]} 26. c4 {[%emt 0:00:02]}
bxc4 {[%emt 0:00:05]} 27. Bxc4 {[%emt 0:00:00]} Bxd5 {[%emt 0:00:04]} 28. Rd1
{[%emt 0:00:03]} Bxc4 {[%emt 0:00:48]} 29. Rxd7 {[%emt 0:00:05]} Rxd7 { [%emt
0:00:02]} 30. Qxc4 {[%emt 0:01:12]} Rd1+ {[%emt 0:00:01]} 31. Qf1 { [%emt
0:00:01]} Rxf1+ {[%emt 0:00:01]} 32. Kxf1 {[%emt 0:00:00]} Kg8 {[%emt 0:00:05]}
33. Ke2 {[%emt 0:00:04]} Kf7 {[%emt 0:00:03]} 34. Kd3 {[%emt 0:00:01]} Ke6
{[%emt 0:00:02]} 35. Kc4 {[%emt 0:00:11]} Kd6 {[%emt 0:00:01]} 36. Ne1 { [%emt
0:00:07]} Kc6 {[%emt 0:00:04]} 37. Nd3 {[%emt 0:00:04]} Bd6 {[%emt 0:00:01]}
38. g4 {[%emt 0:00:26]} g6 {[%emt 0:00:13]} 39. b3 {[%emt 0:00:22]} h5 { [%emt
0:00:07] Hemer1-001 bietet Remis} 40. gxh5 {[%emt 0:01:00]} gxh5 { [%emt
0:00:00]} 41. a3 {[%emt 0:00:03]} a5 {[%emt 0:00:04]} 42. a4 {[%emt 0:00:02]}
f5 {[%emt 0:00:07]} 43. f3 {[%emt 0:00:36]} h4 {[%emt 0:00:10]} 44. Nc1 { [%emt
0:00:02]} Bc7 {[%emt 0:00:06]} 45. Ne2 {[%emt 0:00:04]} Be5 {[%emt 0:00:01]}
46. Nc1 {[%emt 0:00:06]} Bc7 {[%emt 0:00:01]} 47. Nd3 {[%emt 0:00:12]} Bd6
{[%emt 0:00:01]} 48. Nf2 {[%emt 0:00:29]} Be5 {[%emt 0:00:12]} 49. Nd3 { [%emt
0:00:03]} Bd6 {[%emt 0:00:01]} 1/2-1/2

[Event "DSJ Weihnachtsturnier U20 2020"]
[Site "https://play.chessbase.com/en/play?room=DSJWeihnachtU20"]
[Date "2020.12.29"]
[Round "7"]
[White "Ciolacu, Alessia-Mihaela"]
[Black "Faßhauer, Jacob"]
[Result "0-1"]
[Termination "normal"]
[Board "6.2"]
[WhiteTitle "WFM"]
[WhiteElo "2052"]
[BlackElo "2127"]
[WhiteTeam "Schachverein Hemer 1932"]
[BlackTeam "Schachgemeinschaft Leipzig"]
[PlyCount "58"]
[WhiteFideId "1252640"]
[BlackFideId "12990167"]
[EventRounds "7"]
[EventType "team-swiss"]
[EventDate "2020.12.29"]

1. Nf3 {[%emt 0:00:04]} c5 {[%emt 0:00:02]} 2. c4 {[%emt 0:00:02]} Nc6 { [%emt
0:00:03]} 3. Nc3 {[%emt 0:00:01]} e6 {[%emt 0:00:05]} 4. e3 {[%emt 0:00:20]}
Nf6 {[%emt 0:00:05]} 5. d4 {[%emt 0:00:02]} cxd4 {[%emt 0:00:01]} 6. exd4
{[%emt 0:00:03]} d5 {[%emt 0:00:01]} 7. cxd5 {[%emt 0:00:08]} Nxd5 {[%emt
0:00:02]} 8. Bc4 {[%emt 0:00:28]} Be7 {[%emt 0:00:26]} 9. O-O {[%emt 0:00:15]}
O-O { [%emt 0:00:04]} 10. Bxd5 {[%emt 0:00:54]} exd5 {[%emt 0:00:04]} 11. Qb3 {
[%emt 0:00:01]} Bg4 {[%emt 0:00:08]} 12. Be3 {[%emt 0:00:13]} Bxf3 {[%emt
0:00:36]} 13. gxf3 {[%emt 0:00:01]} Bf6 {[%emt 0:00:01]} 14. Rad1 {[%emt
0:00:11]} Ne7 {[%emt 0:00:10]} 15. Qxb7 {[%emt 0:00:18]} Rb8 {[%emt 0:00:01]}
16. Qxa7 { [%emt 0:00:03]} Rxb2 {[%emt 0:00:01]} 17. Rb1 {[%emt 0:00:07]} Rxb1
{[%emt 0:01:15]} 18. Rxb1 {[%emt 0:00:02]} Qc8 {[%emt 0:00:01]} 19. Ne2 {[%emt
0:00:39]} Qf5 {[%emt 0:02:18]} 20. Rb8 {[%emt 0:00:07]} Nc8 {[%emt 0:00:02]}
21. Qa8 { [%emt 0:00:06]} Be7 {[%emt 0:00:35]} 22. Ng3 {[%emt 0:00:18]} Qe6
{[%emt 0:00:13]} 23. a4 {[%emt 0:00:03]} Bd6 {[%emt 0:00:33]} 24. Rb5 {[%emt
0:00:16]} Ne7 {[%emt 0:00:39]} 25. Qa7 {[%emt 0:00:25]} h5 {[%emt 0:00:18]} 26.
Nxh5 { [%emt 0:00:57]} Nf5 {[%emt 0:00:09]} 27. Nf4 {[%emt 0:01:09]} Bxf4
{[%emt 0:00:34]} 28. Bxf4 {[%emt 0:00:04]} Nh4 {[%emt 0:00:21]} 29. Be3 {[%emt
0:01:04]} Qh3 {[%emt 0:00:15]} 0-1

[Event "DSJ Weihnachtsturnier U20 2020"]
[Site "https://play.chessbase.com/en/play?room=DSJWeihnachtU20"]
[Date "2020.12.29"]
[Round "7"]
[White "Haufe, Laurin"]
[Black "Trinh, Fabian Dat"]
[Result "1-0"]
[Termination "normal"]
[Board "6.3"]
[WhiteElo "2052"]
[BlackElo "1818"]
[WhiteTeam "Schachgemeinschaft Leipzig"]
[BlackTeam "Schachverein Hemer 1932"]
[PlyCount "99"]
[WhiteFideId "12976504"]
[BlackFideId "16243641"]
[EventRounds "7"]
[EventType "team-swiss"]
[EventDate "2020.12.29"]

1. e4 {[%emt 0:00:03]} e5 {[%emt 0:00:02]} 2. Nf3 {[%emt 0:00:01]} Nc6 { [%emt
0:00:02]} 3. d4 {[%emt 0:00:01]} exd4 {[%emt 0:00:03]} 4. Nxd4 {[%emt 0:00:00]}
Bc5 {[%emt 0:00:02]} 5. Be3 {[%emt 0:00:01]} Qf6 {[%emt 0:00:03]} 6. c3 {[%emt
0:00:01]} Nge7 {[%emt 0:00:03]} 7. Bc4 {[%emt 0:00:02]} O-O {[%emt 0:00:11]} 8.
O-O {[%emt 0:00:01]} Ne5 {[%emt 0:00:16]} 9. Be2 {[%emt 0:00:02]} d5 { [%emt
0:00:30]} 10. f4 {[%emt 0:00:07]} N5c6 {[%emt 0:00:30]} 11. e5 {[%emt 0:00:08]}
Qh6 {[%emt 0:00:56]} 12. Qd2 {[%emt 0:01:00]} Bxd4 {[%emt 0:00:07]} 13. Bxd4
{[%emt 0:00:08]} Nxd4 {[%emt 0:00:17]} 14. cxd4 {[%emt 0:00:04]} Bf5 { [%emt
0:00:45]} 15. Nc3 {[%emt 0:00:05]} c6 {[%emt 0:00:05]} 16. Bd3 {[%emt 0:00:13]}
Qg6 {[%emt 0:00:18]} 17. Rf3 {[%emt 0:00:15]} Bxd3 {[%emt 0:00:05]} 18. Rxd3
{[%emt 0:00:03]} Nf5 {[%emt 0:00:11]} 19. Kh1 {[%emt 0:00:09]} f6 { [%emt
0:00:45]} 20. Ne2 {[%emt 0:00:17]} Rfe8 {[%emt 0:00:13]} 21. Rg1 { [%emt
0:00:22]} c5 {[%emt 0:00:58]} 22. dxc5 {[%emt 0:00:12]} fxe5 {[%emt 0:00:02]}
23. fxe5 {[%emt 0:00:07]} Rxe5 {[%emt 0:00:10]} 24. Rxd5 {[%emt 0:00:08]} Rae8
{[%emt 0:00:57]} 25. Rxe5 {[%emt 0:00:51]} Rxe5 {[%emt 0:00:00]} 26. Qd8+
{[%emt 0:00:19]} Re8 {[%emt 0:00:21]} 27. Qd5+ {[%emt 0:00:03]} Kh8 {[%emt
0:00:08]} 28. Nf4 {[%emt 0:00:14]} Qg5 {[%emt 0:00:19]} 29. g3 {[%emt 0:01:13]}
h6 {[%emt 0:00:19]} 30. Qf7 {[%emt 0:00:39]} Rd8 {[%emt 0:01:40]} 31. Re1 {
[%emt 0:00:32]} Qg4 {[%emt 0:00:38]} 32. Re8+ {[%emt 0:00:39]} Rxe8 {[%emt
0:00:02]} 33. Qxe8+ {[%emt 0:00:00]} Kh7 {[%emt 0:00:01]} 34. Qe2 {[%emt
0:00:10] } Qxe2 {[%emt 0:00:03]} 35. Nxe2 {[%emt 0:00:00]} Ne3 {[%emt 0:00:04]}
36. Kg1 {[%emt 0:00:06]} Kg6 {[%emt 0:00:01]} 37. Kf2 {[%emt 0:00:04]} Nd5
{[%emt 0:00:01]} 38. Kf3 {[%emt 0:00:03]} Kf6 {[%emt 0:00:01]} 39. Ke4 {[%emt
0:00:02]} Ne7 {[%emt 0:00:02]} 40. Nf4 {[%emt 0:00:06]} g5 {[%emt 0:00:02]} 41.
Nd5+ { [%emt 0:00:01]} Nxd5 {[%emt 0:00:01]} 42. Kxd5 {[%emt 0:00:00]} Ke7
{[%emt 0:00:02]} 43. g4 {[%emt 0:00:05]} Kd7 {[%emt 0:00:02]} 44. b4 {[%emt
0:00:04]} a6 {[%emt 0:00:02]} 45. a4 {[%emt 0:00:01]} Ke7 {[%emt 0:00:03]} 46.
b5 {[%emt 0:00:01]} axb5 {[%emt 0:00:02]} 47. axb5 {[%emt 0:00:00]} Kd7 {[%emt
0:00:01]} 48. Ke5 {[%emt 0:00:02]} Ke7 {[%emt 0:00:02]} 49. Kf5 {[%emt
0:00:01]} Kf7 { [%emt 0:00:01]} 50. c6 {[%emt 0:00:01]} 1-0

[Event "DSJ Weihnachtsturnier U20 2020"]
[Site "https://play.chessbase.com/en/play?room=DSJWeihnachtU20"]
[Date "2020.12.29"]
[Round "7"]
[White "Leonard, Timo"]
[Black "Knüpfer, Tim"]
[Result "1-0"]
[Termination "normal"]
[Board "6.4"]
[WhiteElo "1953"]
[BlackElo "1885"]
[WhiteTeam "Schachverein Hemer 1932"]
[BlackTeam "Schachgemeinschaft Leipzig"]
[PlyCount "93"]
[WhiteFideId "16208757"]
[BlackFideId "16217489"]
[EventRounds "7"]
[EventType "team-swiss"]
[EventDate "2020.12.29"]

1. d4 {[%emt 0:00:01]} Nf6 {[%emt 0:00:03]} 2. Nf3 {[%emt 0:00:04]} c5 { [%emt
0:00:03]} 3. e3 {[%emt 0:00:05]} e6 {[%emt 0:00:10]} 4. b3 {[%emt 0:00:02]}
cxd4 {[%emt 0:00:04]} 5. exd4 {[%emt 0:00:02]} d5 {[%emt 0:00:01]} 6. Bb2
{[%emt 0:00:03]} Bd6 {[%emt 0:00:14]} 7. Bd3 {[%emt 0:00:02]} O-O {[%emt
0:00:02]} 8. O-O {[%emt 0:00:02]} a6 {[%emt 0:00:10]} 9. Nbd2 {[%emt 0:00:07]}
b5 { [%emt 0:00:04]} 10. Ne5 {[%emt 0:00:04]} Nbd7 {[%emt 0:00:09]} 11. f4
{[%emt 0:00:04]} Bb7 {[%emt 0:00:18]} 12. Rf3 {[%emt 0:00:04]} g6 {[%emt
0:00:58]} 13. Rh3 {[%emt 0:00:08]} Ne8 {[%emt 0:00:13]} 14. Ndf3 {[%emt
0:00:21]} Be7 { [%emt 0:00:34]} 15. Qe1 {[%emt 0:02:40]} Ng7 {[%emt 0:00:32]}
16. Nxd7 { [%emt 0:00:34]} Qxd7 {[%emt 0:00:08]} 17. Ng5 {[%emt 0:00:01]} h5
{[%emt 0:00:47]} 18. Qh4 {[%emt 0:01:04]} Bxg5 {[%emt 0:00:26]} 19. fxg5 {[%emt
0:00:08]} a5 {[%emt 0:00:56]} 20. g4 {[%emt 0:00:06]} a4 {[%emt 0:00:43]} 21.
gxh5 { [%emt 0:00:13]} Nxh5 {[%emt 0:00:23]} 22. Be2 {[%emt 0:00:05]} f6 {[%emt
0:01:44]} 23. Bxh5 {[%emt 0:00:06]} gxh5 {[%emt 0:00:04]} 24. gxf6 {[%emt
0:00:26]} Qh7 {[%emt 0:00:14]} 25. Rg3+ {[%emt 0:00:15]} Kh8 {[%emt 0:00:05]}
26. Rg5 { [%emt 0:00:29]} Rg8 {[%emt 0:00:23]} 27. Kh1 {[%emt 0:00:46]} Rxg5
{[%emt 0:00:04]} 28. Qxg5 {[%emt 0:00:05]} Rg8 {[%emt 0:00:04]} 29. Qe5 {[%emt
0:00:08]} Qe4+ {[%emt 0:00:05]} 30. Qxe4 {[%emt 0:00:04]} dxe4 {[%emt 0:00:01]}
31. d5 { [%emt 0:00:02]} Rc8 {[%emt 0:00:37]} 32. f7+ {[%emt 0:00:11]} Kh7
{[%emt 0:00:02]} 33. Rf1 {[%emt 0:00:33]} Rf8 {[%emt 0:00:38]} 34. dxe6 {[%emt
0:00:08]} Bd5 {[%emt 0:00:03]} 35. Ba3 {[%emt 0:00:29]} e3+ {[%emt 0:00:03]}
36. Kg1 { [%emt 0:00:04]} Kg7 {[%emt 0:00:01]} 37. Bxf8+ {[%emt 0:00:03]} Kxf8
{[%emt 0:00:00]} 38. e7+ {[%emt 0:00:03]} Kxe7 {[%emt 0:00:01] Hemer1-004
reconnected.} 39. f8=Q+ {[%emt 0:00:54]} Kd7 {[%emt 0:00:03]} 40. Rd1 {[%emt
0:00:04]} Ke6 { [%emt 0:00:03]} 41. Qh6+ {[%emt 0:00:05]} Ke5 {[%emt 0:00:03]}
42. Qxh5+ { [%emt 0:00:05]} Kf4 {[%emt 0:00:01]} 43. Qxd5 {[%emt 0:00:02]} axb3
{[%emt 0:00:01]} 44. axb3 {[%emt 0:00:02]} b4 {[%emt 0:00:01]} 45. Rf1+ {[%emt
0:00:02]} Kg4 {[%emt 0:00:02]} 46. Qg8+ {[%emt 0:00:01]} Kh3 {[%emt 0:00:03]}
47. Qg3# { [%emt 0:00:05]} 1-0

[Event "DSJ Weihnachtsturnier U20 2020"]
[Site "https://play.chessbase.com/en/play?room=DSJWeihnachtU20"]
[Date "2020.12.29"]
[Round "7"]
[White "Boder, Jan"]
[Black "Reuker, Jari"]
[Result "0-1"]
[Termination "normal"]
[Board "7.1"]
[WhiteElo "2146"]
[BlackElo "2423"]
[WhiteTeam "SC ML Kastellaun"]
[BlackTeam "SV Werder Bremen"]
[PlyCount "76"]
[WhiteFideId "16243226"]
[BlackFideId "12909300"]
[EventRounds "7"]
[EventType "team-swiss"]
[EventDate "2020.12.29"]

1. c4 {[%emt 0:00:02]} e6 {[%emt 0:00:06]} 2. g3 {[%emt 0:00:02]} d5 {[%emt
0:00:01]} 3. Bg2 {[%emt 0:00:00]} c6 {[%emt 0:00:09]} 4. Nf3 {[%emt 0:00:04]}
dxc4 {[%emt 0:00:02]} 5. Qc2 {[%emt 0:00:21]} b5 {[%emt 0:00:18]} 6. a4 { [%emt
0:00:05]} Bb7 {[%emt 0:00:12]} 7. O-O {[%emt 0:00:30]} Nf6 {[%emt 0:00:22]} 8.
Ne5 {[%emt 0:00:15]} Bd6 {[%emt 0:00:19]} 9. d4 {[%emt 0:00:32]} cxd3 { [%emt
0:00:20]} 10. Nxd3 {[%emt 0:00:02]} Nd5 {[%emt 0:02:18]} 11. Bd2 { [%emt
0:00:34]} Nd7 {[%emt 0:03:48]} 12. e4 {[%emt 0:00:55]} Ne7 {[%emt 0:00:38]} 13.
e5 {[%emt 0:00:10]} Nxe5 {[%emt 0:00:05]} 14. Nxe5 {[%emt 0:00:20]} Bxe5 {[%emt
0:00:00]} 15. axb5 {[%emt 0:00:00]} Qb6 {[%emt 0:01:05]} 16. bxc6 { [%emt
0:00:40]} Bxc6 {[%emt 0:00:03]} 17. Be3 {[%emt 0:00:03]} Qb7 {[%emt 0:00:02]}
18. Bxc6+ {[%emt 0:00:42]} Qxc6 {[%emt 0:00:01]} 19. Qe2 {[%emt 0:00:06]} O-O
{[%emt 0:00:19]} 20. Rxa7 {[%emt 0:00:15]} Rxa7 {[%emt 0:00:01]} 21. Bxa7 {
[%emt 0:00:00]} Bf6 {[%emt 0:00:05]} 22. Na3 {[%emt 0:00:16]} Qb7 {[%emt
0:00:06]} 23. Bc5 {[%emt 0:00:53]} Rc8 {[%emt 0:00:02]} 24. b4 {[%emt 0:00:08]}
Nc6 {[%emt 0:00:09]} 25. Nc4 {[%emt 0:00:18]} Qb5 {[%emt 0:00:12]} 26. Qe4 {
[%emt 0:00:27]} Rc7 {[%emt 0:00:07]} 27. Nd6 {[%emt 0:00:11]} Qa4 {[%emt
0:00:02]} 28. Ne8 {[%emt 0:00:57]} Rc8 {[%emt 0:00:01]} 29. Nxf6+ {[%emt
0:00:01]} gxf6 {[%emt 0:00:00]} 30. Qf4 {[%emt 0:01:02]} Kg7 {[%emt 0:00:02]}
31. Rc1 { [%emt 0:00:12]} Ne5 {[%emt 0:00:01]} 32. Bf8+ {[%emt 0:00:07]} Rxf8
{[%emt 0:00:03]} 33. Rb1 {[%emt 0:00:54]} Qa2 {[%emt 0:00:02]} 34. Qe4 {[%emt
0:00:03]} Qd5 {[%emt 0:00:03]} 35. Qxd5 {[%emt 0:00:03]} exd5 {[%emt 0:00:00]}
36. f4 { [%emt 0:00:02]} Nc4 {[%emt 0:00:02]} 37. Kf2 {[%emt 0:00:02]} Re8
{[%emt 0:00:01]} 38. Rd1 {[%emt 0:00:03] .} Nb6 {[%emt 0:00:03] Zeit} 0-1

[Event "DSJ Weihnachtsturnier U20 2020"]
[Site "https://play.chessbase.com/en/play?room=DSJWeihnachtU20"]
[Date "2020.12.29"]
[Round "7"]
[White "Wachinger, Nikolas"]
[Black "Ohler, Julius"]
[Result "1/2-1/2"]
[Termination "normal"]
[Board "7.2"]
[WhiteElo "2369"]
[BlackElo "2010"]
[WhiteTeam "SV Werder Bremen"]
[BlackTeam "SC ML Kastellaun"]
[PlyCount "109"]
[WhiteFideId "12962791"]
[BlackFideId "16238982"]
[EventRounds "7"]
[EventType "team-swiss"]
[EventDate "2020.12.29"]

1. c4 {[%emt 0:00:03]} c5 {[%emt 0:00:04]} 2. Nf3 {[%emt 0:00:10]} g6 {[%emt
0:00:02]} 3. d4 {[%emt 0:00:04]} cxd4 {[%emt 0:00:02]} 4. Nxd4 {[%emt 0:00:00]}
Bg7 {[%emt 0:00:01]} 5. e4 {[%emt 0:00:02]} Nc6 {[%emt 0:00:01]} 6. Be3 { [%emt
0:00:05]} d6 {[%emt 0:00:03]} 7. Nc3 {[%emt 0:00:03]} Nf6 {[%emt 0:00:01] } 8.
Be2 {[%emt 0:00:02]} O-O {[%emt 0:00:01]} 9. O-O {[%emt 0:00:01]} a6 { [%emt
0:00:01]} 10. f3 {[%emt 0:00:15]} Bd7 {[%emt 0:00:02]} 11. Qd2 {[%emt 0:00:02]}
Rc8 {[%emt 0:00:28]} 12. Rfd1 {[%emt 0:00:02]} Qc7 {[%emt 0:00:08]} 13. Rac1
{[%emt 0:00:02]} Be6 {[%emt 0:00:49]} 14. Nd5 {[%emt 0:00:23]} Qd8 { [%emt
0:00:04]} 15. Nxe6 {[%emt 0:01:10]} fxe6 {[%emt 0:00:03]} 16. Nf4 { [%emt
0:00:01]} Qd7 {[%emt 0:00:05]} 17. c5 {[%emt 0:00:02]} e5 {[%emt 0:00:04] } 18.
Bc4+ {[%emt 0:00:05]} Kh8 {[%emt 0:00:16]} 19. Ne6 {[%emt 0:00:04]} Rfe8 {[%emt
0:00:51]} 20. cxd6 {[%emt 0:01:04]} exd6 {[%emt 0:00:03]} 21. Qxd6 { [%emt
0:00:09]} Qxd6 {[%emt 0:00:10]} 22. Rxd6 {[%emt 0:00:00]} Nd4 {[%emt 0:00:12]}
23. Nxd4 {[%emt 0:01:03]} exd4 {[%emt 0:00:04]} 24. Bxd4 {[%emt 0:00:00]} Nxe4
{[%emt 0:00:19]} 25. Bxg7+ {[%emt 0:00:13]} Kxg7 {[%emt 0:00:02]} 26. Rd7+
{[%emt 0:00:41]} Kh6 {[%emt 0:00:02]} 27. fxe4 {[%emt 0:00:12]} Rxe4 { [%emt
0:00:02]} 28. Rxb7 {[%emt 0:00:58]} Rexc4 {[%emt 0:00:03]} 29. Rxc4 { [%emt
0:00:00]} Rxc4 {[%emt 0:00:01]} 30. Kf2 {[%emt 0:00:01]} Ra4 {[%emt 0:00:06]}
31. a3 {[%emt 0:00:05]} Rc4 {[%emt 0:00:01]} 32. Kf3 {[%emt 0:00:05]} Rc2
{[%emt 0:00:01]} 33. Rb6 {[%emt 0:00:13]} a5 {[%emt 0:00:03] Kastell1-002
offers a draw} 34. b4 {[%emt 0:00:06]} Rc3+ {[%emt 0:00:02]} 35. Kf4 {[%emt
0:00:18]} Rxa3 {[%emt 0:00:01]} 36. bxa5 {[%emt 0:00:05]} Rxa5 {[%emt 0:00:01]}
37. Rb4 {[%emt 0:00:01]} Rf5+ {[%emt 0:00:04]} 38. Kg3 {[%emt 0:00:02]} Rg5+ {
[%emt 0:00:01]} 39. Kh3 {[%emt 0:00:06]} Ra5 {[%emt 0:00:03]} 40. Rb7 {[%emt
0:00:15]} Ra6 {[%emt 0:00:12]} 41. g4 {[%emt 0:00:03]} g5 {[%emt 0:00:02]} 42.
Kg3 {[%emt 0:00:02]} Kg6 {[%emt 0:00:01]} 43. h3 {[%emt 0:00:14]} h6 {[%emt
0:00:02]} 44. Rb3 {[%emt 0:00:02]} Rc6 {[%emt 0:00:03]} 45. Rf3 {[%emt
0:00:02]} Ra6 {[%emt 0:00:03]} 46. h4 {[%emt 0:00:02]} gxh4+ {[%emt 0:00:01]}
47. Kxh4 { [%emt 0:00:01]} Rb6 {[%emt 0:00:01]} 48. Rf5 {[%emt 0:00:02]} Ra6
{[%emt 0:00:02]} 49. Rb5 {[%emt 0:00:01]} Rc6 {[%emt 0:00:02]} 50. Ra5 {[%emt
0:00:01]} Rb6 {[%emt 0:00:01]} 51. Rc5 {[%emt 0:00:03]} Ra6 {[%emt 0:00:01]}
52. Rb5 { [%emt 0:00:01]} Rc6 {[%emt 0:00:01]} 53. Ra5 {[%emt 0:00:01]} Rb6
{[%emt 0:00:01]} 54. Rc5 {[%emt 0:00:01]} Ra6 {[%emt 0:00:01]} 55. Rb5 {[%emt
0:00:01]} 1/2-1/2

[Event "DSJ Weihnachtsturnier U20 2020"]
[Site "https://play.chessbase.com/en/play?room=DSJWeihnachtU20"]
[Date "2020.12.29"]
[Round "7"]
[White "Helms, Finn"]
[Black "Hoffmann, Tom"]
[Result "1-0"]
[Termination "normal"]
[Board "7.4"]
[WhiteElo "1934"]
[BlackElo "1296"]
[WhiteTeam "SV Werder Bremen"]
[BlackTeam "SC ML Kastellaun"]
[PlyCount "71"]
[WhiteFideId "16249143"]
[BlackFideId "16288726"]
[EventRounds "7"]
[EventType "team-swiss"]
[EventDate "2020.12.29"]

1. e4 {[%emt 0:00:07]} e5 {[%emt 0:00:06]} 2. Nf3 {[%emt 0:00:02]} Nc6 { [%emt
0:00:03]} 3. Bc4 {[%emt 0:00:02]} Bc5 {[%emt 0:00:02]} 4. d3 {[%emt 0:00:01]}
Nf6 {[%emt 0:00:29]} 5. c3 {[%emt 0:00:07]} d6 {[%emt 0:00:24]} 6. O-O { [%emt
0:00:05]} O-O {[%emt 0:00:13]} 7. a4 {[%emt 0:00:03]} a5 {[%emt 0:00:22]} 8.
Nbd2 {[%emt 0:00:05]} d5 {[%emt 0:00:32]} 9. exd5 {[%emt 0:00:05]} Nxd5 { [%emt
0:00:02]} 10. Ne4 {[%emt 0:00:15]} Ba7 {[%emt 0:00:18]} 11. Qe2 {[%emt
0:00:46]} Nf4 {[%emt 0:00:17]} 12. Bxf4 {[%emt 0:00:03]} exf4 {[%emt 0:00:04]}
13. Nfg5 {[%emt 0:00:20]} Ne5 {[%emt 0:01:46]} 14. Bb3 {[%emt 0:00:54]} Bg4 {
[%emt 0:00:19]} 15. Qd2 {[%emt 0:00:24]} Qxd3 {[%emt 0:00:47]} 16. Qxf4 { [%emt
0:00:16]} Rae8 {[%emt 0:00:28]} 17. h3 {[%emt 0:00:44]} Bh5 {[%emt 0:00:21]}
18. Rae1 {[%emt 0:00:50]} h6 {[%emt 0:00:34]} 19. Ng3 {[%emt 0:01:04]} hxg5
{[%emt 0:00:53]} 20. Qxg5 {[%emt 0:00:06]} Bg6 {[%emt 0:00:04]} 21. Rxe5 {
[%emt 0:00:15]} Rxe5 {[%emt 0:00:04]} 22. Qxe5 {[%emt 0:00:04]} Bb6 {[%emt
0:00:26]} 23. Rd1 {[%emt 0:00:27]} Qa6 {[%emt 0:00:04]} 24. Qg5 {[%emt
0:00:14]} Bxf2+ {[%emt 0:00:47]} 25. Kh1 {[%emt 0:01:11]} Bxg3 {[%emt 0:00:18]}
26. Qxg3 {[%emt 0:00:12]} Qe2 {[%emt 0:00:01]} 27. Qxc7 {[%emt 0:00:58]} Be4
{[%emt 0:00:07]} 28. Qg3 {[%emt 0:00:37]} Qxb2 {[%emt 0:00:04]} 29. Bc4 {[%emt
0:00:22] Werder1-004 offers a draw} Bc6 {[%emt 0:00:39]} 30. Rf1 {[%emt
0:00:02]} Bxa4 { [%emt 0:00:13]} 31. Bxf7+ {[%emt 0:00:02]} Rxf7 {[%emt
0:00:09]} 32. Qb8+ { [%emt 0:00:01]} Kh7 {[%emt 0:00:01]} 33. Rxf7 {[%emt
0:00:02]} Qc1+ {[%emt 0:00:03]} 34. Kh2 {[%emt 0:00:02]} Qxc3 {[%emt 0:00:02]}
35. Qxb7 {[%emt 0:00:03] } Qe5+ {[%emt 0:00:01]} 36. g3 {[%emt 0:00:02] Zeit}
1-0